书目信息 |
| 题名: |
艺林观点
|
|
| 作者: | 阎晶明 著 | |
| 分册: | ||
| 出版信息: | 济南 山东人民出版社 2016.11 |
|
| 页数: | 243页 | |
| 开本: | 24cm | |
| 丛书名: | ||
| 单 册: | ||
| 中图分类: | J052-53 | |
| 科图分类: | ||
| 主题词: | 艺术评论--yi shu ping lun--中国--现代--文集 | |
| 电子资源: | ||
| ISBN: | 978-7-209-10199-8 | |
| 000 | 00906nam0 22002291 450 | |
| 001 | 0119165306 | |
| 005 | 20170619165306.0 | |
| 010 | @a978-7-209-10199-8@dCNY29.00 | |
| 100 | @a20161206d2016 em y0chiy0110 ea | |
| 101 | 0 | @achi |
| 102 | @aCN@b370000 | |
| 105 | @ay z 000yy | |
| 106 | @ar | |
| 200 | 1 | @a艺林观点@9yi lin guan dian@f阎晶明著 |
| 210 | @a济南@c山东人民出版社@d2016.11 | |
| 215 | @a243页@d24cm | |
| 330 | @a本书是作者阎晶明的艺术评论集。书中收集了作者近年来关于电视剧、电影、电视纪录片、舞台艺术、综艺晚会以及美术等艺术的评论60余篇。作者长期从事文学研究与评论,在多次参与国内一线艺术创作、策划、评委工作的基础上,以独特视角品评艺术,文章兼评论与随笔风格,从中可观近年来艺术现象之纷呈景象。 | |
| 606 | 0 | @a艺术评论@9yi shu ping lun@y中国@z现代@j文集 |
| 690 | @aJ052-53@v5 | |
| 701 | 0 | @a阎晶明@9yan jing ming@4著 |
| 801 | 0 | @aCN@b百万庄@c20170616 |
| 905 | @b1011519-24@dJ052-53@e388@f6 | |
| 艺林观点/阎晶明著.-济南:山东人民出版社,2016.11 |
| 243页;24cm |
| ISBN 978-7-209-10199-8:CNY29.00 |
| 本书是作者阎晶明的艺术评论集。书中收集了作者近年来关于电视剧、电影、电视纪录片、舞台艺术、综艺晚会以及美术等艺术的评论60余篇。作者长期从事文学研究与评论,在多次参与国内一线艺术创作、策划、评委工作的基础上,以独特视角品评艺术,文章兼评论与随笔风格,从中可观近年来艺术现象之纷呈景象。 |
| ● |
| 相关链接 |
|
|
|
|
正题名:艺林观点
索取号:J052-53/388
 
预约/预借
| 序号 | 登录号 | 条形码 | 馆藏地/架位号 | 状态 | 备注 |
| 1 | 1011519 | 210115196 | 第一样本阅览室/ [索取号:J052-53/388] | 在馆 | |
| 2 | 1011520 | 210115203 | 教育系资料室/ [索取号:J052-53/388] | 在馆 | |
| 3 | 1011521 | 210115212 | 教育系资料室/ [索取号:J052-53/388] | 在馆 | |
| 4 | 1011522 | 210115221 | 教育系资料室/ [索取号:J052-53/388] | 在馆 | |
| 5 | 1011523 | 210115230 | 第一借阅区/ [索取号:J052-53/388] | 在馆 | |
| 6 | 1011524 | 210115249 | 第一借阅区/ [索取号:J052-53/388] | 在馆 |